00416nam a2200109Ia 4500008004100000082001000041245008100051260000600132365000600138630008100144730008100225100415s9999 xx 000 0 und d b16919 aRecords of Zoological Survey of India: 016899 - vol.61, 1968: - vol.86, 1990 c0 b0 aRecords of Zoological Survey of India: 016899 - vol.61, 1968: - vol.86, 1990 aRecords of Zoological Survey of India: 016899 - vol.61, 1968: - vol.86, 1990